Schalke 04 Kader 25/26 - Statistiken

Allgemein
  • Dieses Quiz wurde 345 mal gespielt
    262 seit der letzten Aktualisierung
  • Das Durchschnittsergebnis liegt bei 22 aus 32
Antwortstatistiken
Rückennummer Position Spieler % Korrekt
1 TW Loris Karius
97%
9 ST Moussa Sylla
94%
5 IV Timo Becker
94%
33 LV Vitalie Becker
94%
19 ZOM Kenan Karaman
90%
25 IV Nikola Katic
90%
6 ZDM Ron Schallenberg
88%
4 IV Hasan Kuruçay
84%
43 IV Mertcan Ayhan
81%
2 IV Felipe Sánchez
80%
28 TW Justin Heekeren
79%
17 RV Adrian Gantenbein
77%
11 ST Bryan Lasme
77%
7 ST Christian Gomis
75%
23 ZM Soufiane El-Faouzi
75%
8 LF Amin Younes
70%
14 ZM Janik Bachmann
69%
27 RM Finn Porath
65%
41 RV Henning Matriciani
65%
37 ZDM Max Grüger
65%
32 TW Luca Podlech
62%
39 ST Peter Remmert
62%
15 ST Emil Højlund
61%
30 LV Anton Donkor
60%
26 IV Tomas Kalas
59%
18 LF Christopher Antwi-Adjei
55%
36 TW Johannes Siebeking
43%
16 ZDM Mauro Zalazar
43%
47 RF Zaid Tchibara
40%
3 IV Dylan Leonard
38%
22 IV Ibrahima Cissé
34%
49 RV Tidiane Touré
30%
Keine übereinstimmenden Quizze gefunden
Verteilung der Resultate
Anzahl Personen mit jedem Resultat
Perzentil nach korrekt beantworteten Fragen
Ihre Resultats-Entwicklung
Sie haben dieses Quiz seit der letzten Aktualisierung nicht gespielt